000 00947nam a22002537a 4500
001 BRCA_9347
003 FranzMayer
005 20230918131259.0
008 230908b |||||||| |||| 00| 0 eng d
020 _a9786079076023
040 _aMFM
_bESPAÑOL
_cMFM
050 0 _aF1419.C74
_bS25 2011
110 1 _4Responsable
_aGrupo Salinas
_929735
240 _aThe Criollo in the Mirrior
_hCelebration and Identity, 1521-1821
_lInglés
245 0 _aThe Criollo in the Mirrior
_bCelebration and Identity, 1521-1821
260 _aSeúl, Corea
_bGrupo Salinas
_c2011
300 _a247 p
_bIlustraciones a color
_c34 cm
500 _aAnexo 1
500 _aLibro en tapa dura, con sobrecubierta exterior
505 _aTexto en: españolIncluye listas de trabajoDirigido a: artistas o historiadores
650 1 _2América latina
_aElementos en la población
_vCriollos
_929736
651 2 _2México
_aNueva España
_vCastas
_929737
942 _2lcc
_cB
999 _c11059
_d11059